Countries With Wild Primates - Statistics

General Stats
  • This quiz has been taken 117 times
  • The average score is 78 of 87
Answers on the Map
Answers color-coded by a green-red scale on the quiz's map according to % correct below.
 
Answer Stats
Answer % Correct
Colombia
96%
India
96%
South Africa
96%
Brazil
95%
China
95%
Democratic Republicof the Congo
95%
El Salvador
95%
Guatemala
95%
Indonesia
95%
Madagascar
95%
Mexico
95%
Panama
95%
Algeria
94%
Argentina
94%
Bangladesh
94%
Bolivia
94%
Costa Rica
94%
Ecuador
94%
Ethiopia
94%
Malaysia
94%
Mali
94%
Nicaragua
94%
Niger
94%
Nigeria
94%
Pakistan
94%
Peru
94%
Philippines
94%
Republic of the Congo
94%
Suriname
94%
Thailand
94%
Vietnam
94%
Afghanistan
93%
Angola
93%
Bhutan
93%
Guyana
93%
Honduras
93%
Laos
93%
Myanmar
93%
Nepal
93%
Paraguay
93%
Somalia
93%
Venezuela
93%
Zambia
93%
Zimbabwe
93%
Belize
91%
Burundi
91%
Cambodia
91%
Chad
91%
Japan
91%
Kenya
91%
Mozambique
91%
Namibia
91%
Sri Lanka
91%
Botswana
90%
Burkina Faso
90%
Central African Republic
90%
Mauritania
90%
Sudan
90%
Uganda
90%
Cameroon
89%
Djibouti
89%
Equatorial Guinea
89%
Guinea
89%
Lesotho
89%
Malawi
89%
Morocco
89%
Rwanda
89%
Senegal
89%
Tanzania
89%
Benin
88%
Eritrea
88%
Gabon
88%
Ghana
88%
Liberia
88%
Togo
88%
Eswatini
86%
Guinea-Bissau
85%
Sierra Leone
85%
Taiwan
84%
Ivory Coast
83%
Gambia
81%
Brunei
79%
Saudi Arabia
76%
Singapore
76%
Yemen
76%
East Timor
73%
Trinidad and Tobago
50%
No matching quizzes found
Score Distribution
Percent of People with Each Score
Percentile by Number Answered
Your Score History
You have not taken this quiz